Normal view
MARC view
- GESSNER, ROBERT A
Entry Personal Name
001 - CONTROL NUMBER
- control field: 80221
003 - CONTROL NUMBER IDENTIFIER
- control field: NUST
005 - DATE AND TIME OF LATEST TRANSACTION
- control field: 20210628210623.0
008 - FIXED-LENGTH DATA ELEMENTS
- fixed length control field: 210628|| aca||aabn | a|a d
040 ## - CATALOGING SOURCE
- Original cataloging agency: NUST
- Transcribing agency: NUST
100 ## - HEADING--PERSONAL NAME
- Personal name: GESSNER, ROBERT A
670 ## - SOURCE DATA FOUND
- Source citation: Work cat.: (NUST): GESSNER, ROBERT A, REPETITIVE MANUFACTURING PRODUCTION PLANNING, 1988
